| 000 | 00355pab a2200145 454500 | ||
|---|---|---|---|
| 008 | 180718b1984 xxu||||| |||| 00| 0 eng d | ||
| 100 | _aSocrates, George | ||
| 245 | _aEmployer's duties to non - employees | ||
| 260 | _c1984 | ||
| 300 | _a24-5 | ||
| 362 | _aMar. | ||
| 650 | _aIndustrial Safety - U.K. | ||
| 773 | _aManagement Services | ||
| 909 | _a10480 | ||
| 999 |
_c10480 _d10480 |
||